| 000 | 00552nam a2200229Ia 4500 | ||
|---|---|---|---|
| 003 | OSt | ||
| 005 | 20230518101526.0 | ||
| 008 | 210210b1911 xxu||||| |||| 00| 0 eng d | ||
| 040 | _cAL | ||
| 041 | _aFrench | ||
| 082 | _a444/117 | ||
| 100 |
_aDE MAISTRE (X) _9107719 |
||
| 245 | _aLes prisonniers du cucase | ||
| 260 |
_aLondon _bMacmillan & Co. Ltd. _c1911 |
||
| 650 |
_aprisonniers _9107720 |
||
| 650 |
_aLes _9107721 |
||
| 650 |
_adu _9107722 |
||
| 650 |
_acucase _9107723 |
||
| 690 |
_aFrench _9107724 |
||
| 906 | _a006312 | ||
| 942 |
_2ddc _cBK |
||
| 999 |
_c129332 _d129332 |
||